| 000 | 00406nam a2200145 i 4500 | ||
|---|---|---|---|
| 001 | 79614 | ||
| 003 | ES-MaACL | ||
| 007 | t| | ||
| 008 | 041022s1922 ag ||||1| spa d | ||
| 100 | 1 |
_aHerrera, Julio. _963207 |
|
| 245 | 1 | 3 |
_aEl nuevo Código penal de la Argentina / _cJulio Herrera. |
| 260 |
_a[Córdoba (Argentina) : _bBiffignandi, _c1922] |
||
| 300 |
_a142 p. ; _c18 cm. |
||
| 852 |
_aES-MaACL _jG-14276 |
||
| 999 |
_c79614 _d79614 |
||